00353nam a2200133Ia 4500008004100000020001800041041000800059082001700067100002300084245002500107250000600132260006500138300001600203210716s2015 xx 000 0 und d a9789351105329 aeng a004.607 RAUA aRauschmayer, Axel. aSpeaking javascript. a1 aNew DelhibShroff Publishers and Distributors Pvt Ltdc2015 axvii,437,25